000 00705nam a2200205 a 4500
008 120416s1977 ||||||||||||||||| || u
020 _a0712115226
050 _aHD 20.5 Sta
100 _aStainton, R. S
245 1 0 _aOperational research and its management applications
260 _aLondon
_bMacdonald and Evans
_c1977
300 _aviii, 126p. : ill
350 _a0.00
490 _aEssentials of management
500 _aIncludes index.
650 0 _aMANAGEMENT
650 _aManagement--Mathematical models
650 0 _aOPERATIONS RESEARCH
995 _D0.00
_FCBU-MAIN LIBRARY (Kitwe)
_H1
_I1.50
_M1
_UDAMAGED
_ZMain Library Open Access Collection
999 _c52653
_d52653